Normal view
MARC view
- Linoff, Gordon.S , Berry, Michael .J.A
Entry Personal Name
001 - CONTROL NUMBER
- control field: 68650
003 - CONTROL NUMBER IDENTIFIER
- control field: NUST
005 - DATE AND TIME OF LATEST TRANSACTION
- control field: 20210628204101.0
008 - FIXED-LENGTH DATA ELEMENTS
- fixed length control field: 210628|| aca||aabn | a|a d
040 ## - CATALOGING SOURCE
- Original cataloging agency: NUST
- Transcribing agency: NUST
100 ## - HEADING--PERSONAL NAME
- Personal name: Linoff, Gordon.S , Berry, Michael .J.A
670 ## - SOURCE DATA FOUND
- Source citation: Work cat.: (NUST): Linoff, Gordon.S , Berry, Michael .J.A, Data mining techniques , for marketing, sales, and customer relationship management, 2012
